Ipswich Town Players 2024–25 - Statistics

General Stats
  • This quiz has been taken 375 times
    350 since last reset
  • The average score is 28 of 33
Answer Stats
# Player % Correct
3 Leif Davis
98%
5 © Sam Morsy
98%
19 Liam Delap
97%
1 Arijanet Muric
96%
28 Christian Walton
96%
2 Harry Clarke
96%
47 Jack Clarke
96%
27 George Hirst
95%
6 Luke Woolfenden
95%
15 Cameron Burgess
93%
26 Dara O'Shea
93%
7 Wes Burns
93%
10 Conor Chaplin
91%
14 Jack Taylor
91%
20 Omari Hutchinson
91%
12 Jens Cajuste
89%
24 Jacob Greaves
88%
40 Axel Tuanzebe
85%
33 Nathan Broadhead
85%
31 Alex Palmer
84%
8 Kalvin Phillips
84%
25 Massimo Luongo
81%
22 Conor Townsend
80%
21 Chiedozie Ogbene
78%
29 Jaden Philogene
78%
13 Cieran Slicker
74%
9 Julio Enciso
74%
23 Sammie Szmodics
74%
18 Ben Johnson
71%
16 Ali Al-Hamadi
70%
11 Marcus Harness
70%
44 Ben Godfrey
58%
4 George Edmundson
56%
No matching quizzes found
Score Distribution
Percent of People with Each Score
Percentile by Number Answered
Your Score History
You have not taken this quiz since the last reset